Werewolf by Night Characters - Statistics

General Stats
  • This quiz has been taken 7 times
  • The average score is 6 of 9
Answer Stats
Hint Answer % Correct
Carey Jones Man-Thing
100%
Gael García Bernal Werewolf by Night
100%
Laura Donnelly Elsa Bloodstone
75%
Harriet Harris Verussa Bloodstone
75%
Eugenie Bondurat Azarel
50%
Kirk R Thatcher Joshua Jovan
50%
Leonardo Nam Liorn
50%
Daniel J Watts Barasso
25%
Al Hamacher Billy Swan
25%
No matching quizzes found
Score Distribution
Percent of People with Each Score
Percentile by Number Answered
Your Score History
You have not taken this quiz